Pogo characters Quiz Stats

Quiz not verified by Sporcle

Challenge
Share
Tweet
Lots of bonuses available!
Score 0/25 Timer 10:00
0 Plays Today
type of animal % Correct
opossumPogo Possum
97.8%
alligatorAlbert Alligator
82.6%
turtleChurchy LaFemme
76.1%
porcupinePorky Pine
76.1%
owlHowland Owl
67.4%
hound dogBeauregard Bugleboy
67.4%
skunkMiz Mam'selle Hepzibah
67.4%
batBewitched
67.4%
batBothered
65.2%
batBemildred
63%
beaverMiz Beaver
58.7%
muskratDeacon Mushrat
56.5%
rabbitBun Rab
54.3%
type of animal % Correct
raccoonRackety Coon Chile
47.8%
dogPup Dog
47.8%
foxSeminole Sam
41.3%
buzzardSarcophagus MacAbre
41.3%
alligatorAlabaster Alligator
39.1%
henMiss Sis Boombah
39.1%
woodchuckGrundoon
34.8%
moleMolester Mole
34.8%
frogCongersman Frog
32.6%
bearP.T. Bridgeport
30.4%
bearBarnstable Bear
21.7%
storkMister Miggle
8.7%

You're not logged in!

Compare scores with friends on all Sporcle quizzes.
Sign Up with Email
OR
Log In

You Might Also Like...

Show Comments

Extras

Top Quizzes Today


Score Distribution

Your Account Isn't Verified!

In order to create a playlist on Sporcle, you need to verify the email address you used during registration. Go to your Sporcle Settings to finish the process.